LIBRARY & INFORMATION CENTRE, KCAET, TAVANUR

ONLINE PUBLIC ACCESS CATALOGUE (OPAC)

Investigations of clamping and climbing mechanisms for the design of semi autonomous areca palm climber (Record no. 14873)

MARC details
000 -LEADER
fixed length control field 00772nam a22001817a 4500
003 - CONTROL NUMBER IDENTIFIER
control field OSt
088 ## - REPORT NUMBER
Report number T 394
100 ## - MAIN ENTRY--AUTHOR NAME
Personal name SUPRITHA
245 ## - TITLE STATEMENT
Title Investigations of clamping and climbing mechanisms for the design of semi autonomous areca palm climber
260 ## - PUBLICATION, DISTRIBUTION, ETC. (IMPRINT)
Place of publication Tavanur 2017
Name of publisher Kelappaji College of Agricultural Engineering and Technology
300 ## - PHYSICAL DESCRIPTION
Number of Pages 110
500 ## - GENERAL NOTE
General note Investigations of clamping and climbing mechanisms for the design of semi autonomous areca palm climber
520 ## - SUMMARY, ETC.
Summary, etc Investigations of clamping and climbing mechanisms for the design of semi autonomous areca palm climber
700 ## - ADDED ENTRY--PERSONAL NAME
Personal name Er. Shivaji K.P (Guide)
856 ## - ELECTRONIC LOCATION AND ACCESS
Uniform Resource Identifier https://drive.google.com/open?id=1dHuOCiLXaZYCSLe8m6K_SZUvmuka2jGA
942 ## - ADDED ENTRY ELEMENTS (KOHA)
Koha item type Theses
Holdings
Collection code Home library Current library Shelving location Full call number Accession Number Koha item type Public note
Reference KAUAET KAUAET Reference 631.3 SUP/IN T 394 Theses M.Tech Thesis
free website counter